Statistics for Horror Movie Franchises #6: Hellraiser

Click here to take the quiz!

General Stats

  • This quiz has been taken 7 times
  • The average score is 5 of 11

Answer Stats

Movies% Correct
Hellraiser
100%
Hellraiser (2022 Remake)
100%
Hellraiser III: Hell on Earth
67%
Hellraiser: Bloodline
50%
Hellbound: Hellraiser
33%
Hellraiser: Deader
33%
Hellraiser: Hellworld
33%
Hellraiser: Inferno
33%
Hellraiser: Hellseeker
17%
Hellraiser: Judgement
17%
Hellraiser: Revelations
17%

Score Distribution

Percentile by Number Answered

Percent of People with Each Score

Your Score History

You have not taken this quiz